La proteccin̤ de los derechos del menor de edad frente a los contenidos discriminatorios por razn̤ de gňero en los medios de comunicacin̤

Detalles Bibliográficos
Autor principal: Nę︢z Zorrilla, Mara̕ del Carmen
Formato: eBook
Lenguaje:español
Publicado: Madrid : Dykinson, 2012
Materias:
Acceso en línea:http://www.vlex.com/source/6970

MARC

LEADER 00000nam a22000007a 4500
005 20130222101647.0
007 cr|||| ||||
008 130222e2012 sp |||||s|||| 00||0 spa d
020 |a 978-84-15455-40-0 
035 |a 6970 
040 |a vLex 
090 |c 3717  |d 3717 
100 1 0 |a Nę︢z Zorrilla, Mara̕ del Carmen  
245 1 3 |a La proteccin̤ de los derechos del menor de edad frente a los contenidos discriminatorios por razn̤ de gňero en los medios de comunicacin̤  |h [Recurso electrn̤ico] 
256 |a Servicio en ln̕ea 
260 |a Madrid :  |b Dykinson,   |c 2012 
300 |a 1 Recurso electrn̤ico 
650 0 4 |a Medios de comunicacin̤ 
650 0 4 |a Discriminacin̤ 
650 0 4 |a Menores 
740 |a vLex Libros (Servicio en ln̕ea) 
856 |a Acceso restringido  |u http://www.vlex.com/source/6970 
942 |c BOOK 
999 0 |a Mass media